Descubriendo el bitcoin : (Record no. 120288)

MARC details
000 -LEADER
campo de control de longitud fija 02098 a2200265 4500
003 - IDENTIFICADOR DE NÚMERO DE CONTROL
campo de control BJBSDDR
005 - FECHA Y HORA DE LA ÚLTIMA TRANSACCIÓN
campo de control 20231116162338.0
007 - CAMPO FIJO DE DESCRIPCIÓN FÍSICA--INFORMACIÓN GENERAL
campo de control de longitud fija ta
008 - DATOS DE LONGITUD FIJA--INFORMACIÓN GENERAL
campo de control de longitud fija 231116s2018 sp ||||| |||| 00| 0 spa d
020 ## - NÚMERO INTERNACIONAL ESTÁNDAR DEL LIBRO
Número Internacional Estándar del Libro 9788416904143
020 ## - NÚMERO INTERNACIONAL ESTÁNDAR DEL LIBRO
Número Internacional Estándar del Libro 8416904146
040 ## - FUENTE DE CATALOGACIÓN
Lengua de catalogación spa
Centro/agencia transcriptor BJBSDDR
041 ## - CÓDIGO DE IDIOMA
Código de lengua del texto/banda sonora o título independiente spa
050 14 - SIGNATURA TOPOGRÁFICA DE LA BIBLIOTECA DEL CONGRESO
Número de clasificación HG 1710
Número de ítem B662d 2018
100 1# - ENTRADA PRINCIPAL--NOMBRE DE PERSONA
Nombre de persona Boar, Andrei
9 (RLIN) 33055
245 10 - MENCIÓN DEL TÍTULO
Título Descubriendo el bitcoin :
Resto del título Cómo funciona, cómo comprar, invertir, desinvertir... /
Mención de responsabilidad, etc. Andrei Boar.
260 ## - PUBLICACIÓN, DISTRIBUCIÓN, ETC.
Lugar de publicación, distribución, etc. Barcelona :
Nombre del editor, distribuidor, etc. Profit Editorial,
Fecha de publicación, distribución, etc. 2018.
300 ## - DESCRIPCIÓN FÍSICA
Extensión 174 páginas ;
Dimensiones 23 cm
490 0# - MENCIÓN DE SERIE
Mención de serie Finanzas
520 ## - RESUMEN, ETC.
Sumario, etc. La nueva revolución tecnológica que transformar él mundo se llama blockchain?. Se trata de una base de datos distribuida entre sus usuarios, de acceso público y con información totalmente segura que provocar grandes cambios en ámbitos como la economía la medicina o la empresa, entre otros. Blockchain es la base del bitcoin y del resto de criptomonedas que, con un crecimiento exponencial en sus diez años de vida, han creado un nuevo ecosistema financiero con transacciones rápidas, seguras e imborrables entre particulares. El bitcoin ha multiplicado su precio en muchas ocasiones, con una alta volatilidad que atrae a los inversores ms̀ arriesgados, pero su uso no se limita a la especulación. Disponer de bitcoins nos permite realizar pagos a cualquier lugar del mundo con una simple dirección alfanumérica y una conexión a Internet, sin depender de ninguna institución monetaria y con la seguridad de que es infalsificable. Este libro esté dirigido a cualquier persona interesada en entender los principales interrogantes que plantea el bitcoin: Cómo funciona la Blockchain y sus aplicaciones. Cómo comprar bitcoins. Cómo invertir y desinvertir en bitcoin. Aplicaciones del bitcoin y las criptomonedas. Seguridad y riesgos del bitcoin. Fraudes con bitcoin. Aspectos legales y contables del bitcoin. <br/>
650 #4 - PUNTO DE ACCESO ADICIONAL DE MATERIA--TÉRMINO DE MATERIA
Término de materia o nombre geográfico como elemento de entrada Moneda electrónica
9 (RLIN) 14083
Subdivisión cronológica siglo XXI
650 #4 - PUNTO DE ACCESO ADICIONAL DE MATERIA--TÉRMINO DE MATERIA
Término de materia o nombre geográfico como elemento de entrada Bitcoin (Moneda electrónica)
9 (RLIN) 6869
650 #4 - PUNTO DE ACCESO ADICIONAL DE MATERIA--TÉRMINO DE MATERIA
Término de materia o nombre geográfico como elemento de entrada Finanzas
9 (RLIN) 1651
942 ## - ELEMENTOS DE ENTRADA SECUNDARIOS (KOHA)
Fuente del sistema de clasificación o colocación Clasificación de Library of Congress
Tipo de ítem Koha Libro
Suprimir en OPAC No
Holdings
Estatus retirado Estado de pérdida Fuente del sistema de clasificación o colocación Estado de daño No para préstamo Colección Biblioteca de origen Biblioteca actual Ubicación en estantería Fecha de adquisición Signatura topográfica completa Código de barras Visto por última vez Copia número Tipo de ítem Koha
    Clasificación de Library of Congress     Ciencias Sociales Biblioteca Juan Bosch Biblioteca Juan Bosch Ciencias Sociales (3er. Piso) 16/11/2023 HG 1710 B662d 2018 00000127557 16/11/2023 1 Libro